01666agaaa2200325 45000010005000000030009000050050017000140070009000310080040000400400023000800410013001031000050001161300024001662450130001902500022003202600127003423000033004695080075005025110092005775200094006695380016007635460013007796500071007927000072008637000061009357000073009969420012010699990019010819520240011006461IT-RoPAU20220918181248.0d cvaizq50131s9999||||xx ||| | || ||und|| aIT-RoPAUcIT-RoPAU aITALIANO aEuripide gCodice regista SPICS: 32686947848 aTROIANE (LE)947849 aTROIANE (LE)cSceneggiatura: Cottafavi Vittorio -- Diretto da: Euripide pTROIANE (LE) (Rif. Codice opera principale : C6461) aEdizione Standard aROMA (ITALIA)bRAI - RADIO TELEVISIONE ITALIANA / Distribuzione: UNIVIDEOg"1992 (1° ed.: 1994 ; Ed. Lingua Orig.: n.d.)" aVHSbsonoro, col.c88 minuti a"Musica: Rubin De Cervin Ernesto; Sceneggiatura: Cottafavi Vittorio; " a"Lupi Roldano; Ruspoli Esmeralda; Ferrati Sarah; Angeleri Lia; Orlando Orazio; Guarnie" aTRAGEDIA GRECA. POSEIDONE. ATENA. ECUBA. CORIFEA. TALTIBIO. CASSANDRA. ANDROMACA MENELAO. aPAL, STEREO aITALIANO aTRAGEDIAeTV-TEATRO/DANZA [VHS]xCodice MATERIA SPICS: 9961947850 aCottafavi Vittorio e(soggetto)gCodice Soggetto SPICS: 1501947851 aEuripide e(regista)gCodice regista SPICS: 32686947848 aRubin De Cervin Ernestoe(musica)gCodice Musica SPICS: 32875947852 cVH2ddc c106624d106624 0010406C_6461_00000000000000071aSPICSbSPICSd2015-01-31l0oC6461r2015-01-31 00:00:00w2015-01-31yVHzProgr. Ins.: 423 / N.Vol.:1 / Copie: 1 / Pag.:0 / Copia rara: n.d. / date import: 1.2.2015 / By Epidotti, Trombetti, Vaglietti